<?xml version="1.0" encoding="UTF-8"?>
<record
    xmlns:xsi="http://www.w3.org/2001/XMLSchema-instance"
    xsi:schemaLocation="http://www.loc.gov/MARC21/slim http://www.loc.gov/standards/marcxml/schema/MARC21slim.xsd"
    xmlns="http://www.loc.gov/MARC21/slim">

  <leader>01298nam a22002177a 4500</leader>
  <controlfield tag="003">OSt</controlfield>
  <controlfield tag="005">20220609085208.0</controlfield>
  <controlfield tag="008">220609b           ||||| |||| 00| 0 spa d</controlfield>
  <datafield tag="020" ind1=" " ind2=" ">
    <subfield code="a">9788494733130</subfield>
  </datafield>
  <datafield tag="040" ind1=" " ind2=" ">
    <subfield code="c">CO-MqBPB</subfield>
  </datafield>
  <datafield tag="082" ind1=" " ind2=" ">
    <subfield code="a">AC</subfield>
    <subfield code="b">CHEc</subfield>
  </datafield>
  <datafield tag="100" ind1=" " ind2=" ">
    <subfield code="a">Ch&#xE9;jov, Anton</subfield>
  </datafield>
  <datafield tag="245" ind1="1" ind2="4">
    <subfield code="a">Los campesinos</subfield>
    <subfield code="c">Anton Ch&#xE9;jov</subfield>
  </datafield>
  <datafield tag="264" ind1=" " ind2=" ">
    <subfield code="a">Madrid:</subfield>
    <subfield code="b"> Editorial Eneida;</subfield>
    <subfield code="c">2017.</subfield>
  </datafield>
  <datafield tag="300" ind1=" " ind2=" ">
    <subfield code="a">220 pg.</subfield>
    <subfield code="b">Tapa r&#xFA;stica.</subfield>
    <subfield code="c">21 cm</subfield>
  </datafield>
  <datafield tag="490" ind1=" " ind2=" ">
    <subfield code="a">Confabulaciones</subfield>
  </datafield>
  <datafield tag="500" ind1=" " ind2=" ">
    <subfield code="a">Leer a Chejov es leer al ser humano, sus sue&#xF1;os, sus desvelos, sus angustias...; en suma, leer la existencia. Due&#xF1;o de un original credo estetico, es en la narrativa breve donde el ruso universal despliega la excepcional maestria de su obra. En Los campesinos, Chejov concentro, en 16 relatos, lo mejor de su fecunda produccion cuentistica. Brevedad, sencillez, dolor, piedad y una aguda penetracion del alma humana definen el estilo de este poeta de lo cotidiano. Retratista de lo tragico en las peque&#xF1;as cosas, en las peque&#xF1;as vidas, Anton Chejov, que afirmo "La felicidad no existe. Lo unico qu existe es el deseo de ser feliz", nos regala en este extraordinario volumen unas ficciones absorbente, apasionantes e inolvidables.</subfield>
  </datafield>
  <datafield tag="650" ind1=" " ind2=" ">
    <subfield code="2">Literatura Universal</subfield>
    <subfield code="v">Cuentos</subfield>
  </datafield>
  <datafield tag="700" ind1=" " ind2=" ">
    <subfield code="a">Nicolas Tasin</subfield>
    <subfield code="d">Tr.</subfield>
  </datafield>
  <datafield tag="942" ind1=" " ind2=" ">
    <subfield code="2">ddc</subfield>
    <subfield code="c">BKLIT</subfield>
  </datafield>
  <datafield tag="999" ind1=" " ind2=" ">
    <subfield code="c">14323</subfield>
    <subfield code="d">14323</subfield>
  </datafield>
  <datafield tag="952" ind1=" " ind2=" ">
    <subfield code="0">0</subfield>
    <subfield code="1">0</subfield>
    <subfield code="2">ddc</subfield>
    <subfield code="4">0</subfield>
    <subfield code="7">0</subfield>
    <subfield code="8">LA</subfield>
    <subfield code="a">BPMOS</subfield>
    <subfield code="b">BPMOS</subfield>
    <subfield code="d">2022-06-09</subfield>
    <subfield code="e">Compra BPSJBM 2022</subfield>
    <subfield code="l">4</subfield>
    <subfield code="o">AC CHEc</subfield>
    <subfield code="p">MOS502401</subfield>
    <subfield code="r">2024-02-19</subfield>
    <subfield code="s">2024-02-01</subfield>
    <subfield code="t">ej 1</subfield>
    <subfield code="w">2022-06-09</subfield>
    <subfield code="y">BKLIT</subfield>
    <subfield code="z">Quince dias</subfield>
  </datafield>
  <datafield tag="952" ind1=" " ind2=" ">
    <subfield code="0">0</subfield>
    <subfield code="1">0</subfield>
    <subfield code="2">ddc</subfield>
    <subfield code="4">0</subfield>
    <subfield code="7">0</subfield>
    <subfield code="8">LA</subfield>
    <subfield code="a">BPMOS</subfield>
    <subfield code="b">BPMOS</subfield>
    <subfield code="d">2022-06-09</subfield>
    <subfield code="e">Compra BPSJBM 2022</subfield>
    <subfield code="i">NT</subfield>
    <subfield code="l">0</subfield>
    <subfield code="o">AC CHEc</subfield>
    <subfield code="p">MOS502444</subfield>
    <subfield code="r">2022-06-13</subfield>
    <subfield code="t">Ej 2</subfield>
    <subfield code="w">2022-06-09</subfield>
    <subfield code="y">BKLIT</subfield>
    <subfield code="z">Quince dias</subfield>
  </datafield>
</record>
